BIBLIOTECA

SENCICO

Contenido y resumen de conferencias del curso de adiestramiento sobre : planificación, administración y ejecución de programas de construcción y ejecución de viviendas por auto-ayuda (Registro nro. 3390)

Detalles MARC
000 -LEADER
fixed length control field 00800nam a2200169Ia 4500
005 - DATE AND TIME OF LATEST TRANSACTION
control field 20251020182612.0
008 - FIXED-LENGTH DATA ELEMENTS--GENERAL INFORMATION
fixed length control field 200515s9999 xx 000 0 und d
082 ## - DEWEY DECIMAL CLASSIFICATION NUMBER
Classification number SC/69.002.2:728/C73
110 ## - MAIN ENTRY--CORPORATE NAME
Corporate name or jurisdiction name as entry element AidCryrza
245 #0 - TITLE STATEMENT
Title Contenido y resumen de conferencias del curso de adiestramiento sobre : planificación, administración y ejecución de programas de construcción y ejecución de viviendas por auto-ayuda
260 ## - PUBLICATION, DISTRIBUTION, ETC.
Place of publication, distribution, etc. Huaraz
260 ## - PUBLICATION, DISTRIBUTION, ETC.
Date of publication, distribution, etc. 1973
520 ## - SUMMARY, ETC.
Summary, etc. Como resultado de los dos seminarios de Adiestramiento sobre planificación, administración y ejecución de programas de construcción de viviendas por Auto-Ayuda llevados a cabo en la ciudad de Huaraz del 26 de Octubre al 4 de Noviembre de 1972. Las entidad
650 ## - SUBJECT ADDED ENTRY--TOPICAL TERM
Topical term or geographic name entry element AUTOCONSTRUCCION
650 ## - SUBJECT ADDED ENTRY--TOPICAL TERM
Topical term or geographic name entry element VIVIENDAS
942 ## - ADDED ENTRY ELEMENTS (KOHA)
Koha item type Libros
Existencias
Fecha de la última vez que lo usaron Pago total Signatura topográfica completa Código de barras Precio efectivo desde Tipo de documento Estado perdido Estado dañado No es para préstamo Retirado Ubicación permanente Ubicación actual Fecha de adquisición
15/05/2020   SC/69.002.2:728/C73 Bib-Lima15053390 15/05/2020 Libros         Biblioteca Central Lima Biblioteca Central Lima 15/05/2020